Využitie multikriteriálnej analýzy pri hodnotení efektívnosti verejných projektov

Uložené v:
Podrobná bibliografia
Hlavný autor: Čiernik, Anton
Médium: Kapitola
Jazyk:Slovak
Tagy: Pridať tag
Žiadne tagy, Buďte prvý, kto otaguje tento záznam!

MARC

LEADER 00000naa$a2200000$$$4500
001 0183016
005 20240502073129.4
041 0 |a slo 
044 |a SK 
245 1 0 |a Využitie multikriteriálnej analýzy pri hodnotení efektívnosti verejných projektov  |c Anton Čiernik 
100 1 |a Čiernik, Anton